| Tag |
First Indicator |
Second Indicator |
Subfields |
| LEADER |
00000cam a22000001 4500 |
| 001 |
in00002784615 |
| 005 |
20201128064116.0 |
| 008 |
780330s1960 dcuab b f000 0 eng |
| 010 |
|
|
|a gs 60000272
|
| 035 |
|
|
|a (OCoLC)ocm03763511
|
| 035 |
|
|
|a (OCoLC)3763511
|
| 040 |
|
|
|a DLC
|c UUW
|d DLC
|d OWU
|d OCLCQ
|d BTCTA
|d OCLCG
|d UtOrBLW
|
| 043 |
|
|
|a n------
|
| 049 |
|
|
|a TXAM
|
| 050 |
0 |
0 |
|a QE75
|b .P9 no. 355
|
| 082 |
0 |
|
|a 564.53097
|
| 086 |
0 |
|
|a I 19.16:355
|
| 100 |
1 |
|
|a Reeside, John B.
|q (John Bernard),
|d 1889-1958.
|
| 245 |
1 |
0 |
|a Studies of the Mowry shale (Cretaceous) and contemporary formations in the United States and Canada /
|c by John B. Reeside, Jr., and William A. Cobban: a stratigraphic and paleontologic study of five large assemblages of gastroplitine cephalopods interpreted as five species of Neogastroplites having an unusual degree of variability.
|
| 264 |
|
1 |
|a Washington :
|b U.S. Govt. Print. Off,
|c 1960.
|
| 300 |
|
|
|a iv, 126 pages :
|b illustrations, maps, diagrams (2 folded in pocket) ;
|c 29 cm.
|
| 336 |
|
|
|a text
|b txt
|2 rdacontent
|
| 337 |
|
|
|a unmediated
|b n
|2 rdamedia
|
| 338 |
|
|
|a volume
|b nc
|2 rdacarrier
|
| 490 |
1 |
|
|a Geological Survey (U.S.). Professional paper ;
|v 355
|
| 504 |
|
|
|a Bibliography: pages 118-121.
|
| 650 |
|
0 |
|a Shale.
|
| 650 |
|
0 |
|a Paleontology
|y Cretaceous.
|
| 650 |
|
0 |
|a Paleontology
|z North America.
|
| 650 |
|
0 |
|a Ammonoidea.
|
| 700 |
1 |
|
|a Cobban, William A.,
|d 1916-2015
|e author.
|
| 830 |
|
0 |
|a Professional paper (Geological Survey (U.S.)) ;
|v 355.
|
| 948 |
|
|
|a cataloged
|b h
|c 2012/12/14
|d c
|e mvaldespin
|f 09:56:15 am
|
| 994 |
|
|
|a C0
|b TXA
|
| 999 |
|
|
|a MARS
|
| 999 |
f |
f |
|s b1240037-3a73-3184-88b2-b209f8b56596
|i 96f67196-319d-3fa8-9434-3259aea08dd7
|t 0
|
| 952 |
f |
f |
|p normal
|a Texas A&M University
|b College Station
|c Sterling C. Evans Library
|d Evans: US Documents (Annex 5th floor)
|t 0
|e I 19.16:354-356
|h Superintendent of Documents classification
|i unmediated -- volume
|m A14814191585
|
| 952 |
f |
f |
|a Texas A&M University
|b College Station
|c Sterling C. Evans Library
|d Evans: US Documents (Annex 5th floor)
|t 0
|e I 19.16:354-356
|h Superintendent of Documents classification
|
| 998 |
f |
f |
|a I 19.16:354-356
|t 0
|l Evans: US Documents (Annex 5th floor)
|